[Event "Vilnius"]
[Site "Vilnius"]
[Date "1978.??.??"]
[Round "11"]
[White "Piesina, Gintautas"]
[Black "Mikenas, Vladas"]
[Result "1/2-1/2"]
[WhiteElo "2200"]
[BlackElo "2205"]

1.c4 e6 2.Nf3 d5 3.g3 Nf6 4.Bg2 c5 5.O-O Nc6 6.cxd5 Nxd5 7.d4 cxd4 8.Nxd4 Bc5
9.Nxc6 bxc6 10.Qc2 Qb6 11.Nd2 Ba6 12.Nc4 Bxc4 13.Qxc4 O-O 14.b3 Qb5 15.Qxb5 cxb5
16.Bb2 Rac8 17.Rac1 Bb6 18.Rfd1 Rxc1 19.Rxc1 Rd8 20.Bf3 f6 21.Kf1 Kf7 22.Ba1 Nb4
23.a4 bxa4 24.bxa4 a5 25.Ke1 Rd7 26.Bb2 Ke7 27.Be4 h6 28.Rc4 e5 29.Rc8 Rd8
30.Rxd8 Kxd8 31.e3 Kc7 32.Ke2 Kd6 33.Bc3 Kc5 34.Bd3 Kd5 35.Bb5 Bc5 36.Kf3 e4+
37.Kf4 Nd3+ 38.Bxd3 Bd6+ 39.Kf5 g6+ 40.Kxg6 exd3 41.Bxa5 Kc4 42.Bd2 Bb4 43.a5 Bxd2
44.a6 Bc3 45.a7 d2 46.a8=Q d1=Q 47.Kxh6 Qg1 48.Qa2+ Kd3 49.Qd5+ Ke2 50.Qc4+ Kxf2
51.Qxc3 Qxh2+  1/2-1/2

[Event "URS-FL"]
[Site "Frunze"]
[Date "1979.??.??"]
[Round "17"]
[White "Psakhis, Lev"]
[Black "Lputian, Smbat G"]
[Result "1-0"]
[WhiteElo "2480"]
[BlackElo "2445"]

1.c4 e6 2.Nf3 d5 3.d4 Nf6 4.Nc3 Be7 5.cxd5 exd5 6.Bg5 h6 7.Bh4 O-O 8.e3 b6
9.Bd3 Bb7 10.Qc2 c5 11.Rd1 Nc6 12.dxc5 Nb4 13.Qb3 bxc5 14.Be2 d4 15.exd4 Nfd5
16.Bg3 cxd4 17.Nxd4 Rc8 18.Nf5 g6 19.Nxh6+ Kg7 20.Ng4 f5 21.Be5+ Kh7 22.h4 Qb6
23.h5 g5 24.O-O Nxc3 25.bxc3 Be4 26.Qxb4 Bxb4 27.Rd7+ Rf7 28.Rxf7+ Kg8 29.Rg7+ Kf8
30.Nf6 Qe6 31.Nd7+ Ke8 32.cxb4  1-0

[Event "Hastings7980"]
[Site "Hastings"]
[Date "1979.??.??"]
[Round "10"]
[White "Lein, Anatoly"]
[Black "Raicevic, Vladimir"]
[Result "1-0"]
[WhiteElo "2535"]
[BlackElo "2440"]

1.c4 e6 2.Nf3 d5 3.d4 c6 4.e3 Nf6 5.Bd3 dxc4 6.Bxc4 b5 7.Bd3 a6 8.a4 Bb7
9.O-O Nbd7 10.e4 Be7 11.Bg5 h6 12.Bh4 O-O 13.Qe2 Re8 14.Nbd2 Nh5 15.Bg3 Nxg3
16.hxg3 Nb6 17.b3 Bb4 18.Rfc1 Nd7 19.e5 Qb6 20.Ne4 Red8 21.Qe3 c5 22.dxc5 Nxc5
23.Nxc5 Bxc5 24.Rxc5 bxa4 25.bxa4  1-0

[Event "BKL-Turnier"]
[Site "Leipzig"]
[Date "1979.??.??"]
[Round "7"]
[White "Gross, Stefan"]
[Black "Mikhalchishin, Adrian"]
[Result "0-1"]
[WhiteElo "2355"]
[BlackElo "2480"]

1.c4 e6 2.Nf3 d5 3.d4 Nf6 4.Nc3 Be7 5.cxd5 exd5 6.Bg5 c6 7.Qc2 g6 8.e3 Bf5
9.Bd3 Bxd3 10.Qxd3 Nbd7 11.O-O O-O 12.Rab1 a5 13.a3 Re8 14.Bxf6 Bxf6 15.Rfc1 a4
16.b3 axb3 17.Rxb3 b5 18.Na2 Re6 19.Nb4 Nb8 20.Rbc3 Be7 21.Ne5 Bxb4 22.axb4 Ra4
23.Qb1 Qf8 24.Nd3 Na6 25.Rb3 Qa8 26.h3 Kg7 27.Qb2 Re7 28.Ra3 Ra7 29.Rxa4 bxa4
30.Qc2 a3 31.Ra1 Nc7 32.Ra2 Nb5 33.Ne5 f6 34.Qxc6 Qxc6 35.Nxc6 Rc7 36.Na5 Rc1+
37.Kh2 Rb1 38.Kg3 Rxb4 39.Ra1 Rb2 40.Nb7 a2 41.Nd8 Nc3  0-1

[Event "ISL-ch"]
[Site "Reykjavik"]
[Date "1979.??.??"]
[Round "6"]
[White "Gudmundsson, Elvar"]
[Black "Halldorsson, Bragi"]
[Result "1/2-1/2"]
[WhiteElo "2220"]
[BlackElo "2250"]

1.c4 e6 2.Nf3 d5 3.d4 Nf6 4.Bg5 c6 5.e3 Qa5+ 6.Nc3 Ne4 7.Qc2 Bb4 8.Rc1 Qxa2
9.Bd3 Bxc3+ 10.bxc3 Qxc2 11.Rxc2 Nxg5 12.Nxg5 dxc4 13.Bxc4 Nd7 14.Ke2 O-O
15.Ra1 e5 16.Ne4 Nb6 17.Bb3 Bf5 18.f3 exd4 19.cxd4 Rfe8 20.Rca2 Bxe4 21.fxe4 a6
22.Rb1 Rxe4 23.Bc2 Nd5 24.Bxe4 Nc3+ 25.Kd2 Nxe4+ 26.Kd3 Nd6 27.Rb6 Re8 28.Rc2 Kf8
29.Rc5 Rd8 30.e4 Rd7 31.d5 Nc8 32.Rb2 Na7 33.Ke3 f6 34.Kd4 Kf7 35.Kc4 Re7
36.Kd3 Rd7 37.Ke3 Re7 38.Kf4 cxd5 39.exd5 Nb5 40.Rbc2 Re5 41.R2c4 g5+ 42.Kf3 Kg6
43.Rb4  1/2-1/2

[Event "SWE-ch"]
[Site "?"]
[Date "1979.??.??"]
[Round "?"]
[White "Kaiszauri, Konstanty"]
[Black "Bjork, Carl Magnus"]
[Result "1-0"]
[WhiteElo "2405"]
[BlackElo "2200"]

1.c4 e6 2.Nf3 d5 3.d4 c5 4.cxd5 exd5 5.g3 Nc6 6.Bg2 Nf6 7.O-O Be7 8.Nc3 O-O
9.dxc5 Bxc5 10.b3 Re8 11.Bb2 Bg4 12.Rc1 Bf8 13.h3 Bxf3 14.Bxf3 Qd7 15.Nxd5 Nxd5
16.Bxd5 Qxh3 17.e3 Nb4 18.Rc7 Re7 19.Rxe7 Bxe7 20.Qd4 Qh6 21.Bxb7 Rd8 22.Qxa7 Qg5
23.Bf3 h5 24.Rd1 Nd3 25.Ba3 Bxa3 26.Qxa3 h4 27.g4 h3 28.Rd2 Qh4 29.Kh2 Nxf2
30.Rxd8+ Qxd8 31.Qa8 Nxg4+ 32.Kxh3 Qxa8 33.Bxa8 Nxe3 34.a4 Kf8 35.a5 Nf5
36.Bc6 Nd6 37.Bd7 Ke7  1-0

[Event "URS Spartakiad"]
[Site "URS"]
[Date "1979.??.??"]
[Round "?"]
[White "Razuvaev, Yuri S"]
[Black "Sveshnikov, Evgeny"]
[Result "1/2-1/2"]
[WhiteElo "2470"]
[BlackElo "2545"]

1.c4 e6 2.Nf3 d5 3.g3 Nf6 4.Bg2 dxc4 5.Qa4+ Nbd7 6.Qxc4 c5 7.O-O b6 8.Nd4 Ne5
9.Nc6 Nxc4 10.Nxd8 Nd5 11.Nc3 Kxd8 12.Nxd5 Bb7 13.Nc3 Bxg2 14.Kxg2 Na5 15.Rd1 Nc6
16.e3 Kc7 17.d4 cxd4 18.exd4 Rd8 19.Bf4+ Kb7 20.d5 exd5 21.Rxd5 Rxd5 22.Nxd5 Bc5  1/2-1/2

[Event "URS Spartakiad"]
[Site "URS"]
[Date "1979.??.??"]
[Round "?"]
[White "Karner, Hillar"]
[Black "Sveshnikov, Evgeny"]
[Result "1/2-1/2"]
[WhiteElo "2415"]
[BlackElo "2545"]

1.c4 e6 2.Nf3 d5 3.g3 Nf6 4.Bg2 dxc4 5.Qa4+ Nbd7 6.Qxc4 c5 7.Qc2 b6 8.Nc3 Bb7
9.O-O Be7 10.Rd1 O-O 11.d4 cxd4 12.Nxd4 Bxg2 13.Kxg2 Qc7 14.e4 Rfc8 15.Qe2 a6
16.f3 Bb4 17.Bd2 Ne5 18.Nc2 Be7 19.Ne3 Qb7 20.Be1 b5 21.a3 Nfd7 22.Bf2 Nc5
23.Rac1 Nb3 24.Rc2 Bc5 25.Nf1 Qb6 26.Bxc5 Qxc5 27.Qe3 Qe7 28.Re2 Nc4 29.Qd3 Rd8
30.Qb1 Qc5 31.Na2 Nd4 32.Ree1 Qh5 33.g4 Qg5 34.Rd3 Ne5 35.Rc3 h5 36.h3 Qf4
37.Qc1 Ng6 38.gxh5 Nh4+ 39.Kf2 Qf6 40.f4 Qh6 41.Ng3  1/2-1/2

[Event "BCF-ch"]
[Site "Brighton"]
[Date "1980.08.05"]
[Round "2"]
[White "Cafferty, Bernard"]
[Black "Clarke, Peter H"]
[Result "1/2-1/2"]
[WhiteElo "2305"]
[BlackElo "2355"]

1.c4 e6 2.Nf3 d5 3.g3 Nf6 4.Bg2 Be7 5.O-O O-O 6.b3 b6 7.Bb2 Bb7 8.e3 Nbd7
9.cxd5 Nxd5 10.Na3 c5 11.Nc4 b5 12.Na3 a6 13.d4 cxd4 14.Nxd4  1/2-1/2

[Event "FRG-ch"]
[Site "Bad Neuenahr"]
[Date "1980.??.??"]
[Round "?"]
[White "Kestler, Hans Guenther"]
[Black "Budde, Vladimir"]
[Result "1-0"]
[WhiteElo "2400"]
[BlackElo "2235"]

1.c4 e6 2.Nf3 d5 3.d4 c5 4.cxd5 exd5 5.g3 Nc6 6.Bg2 Nf6 7.O-O Be7 8.Nc3 O-O
9.Be3 c4 10.Ne5 Qa5 11.a3 Be6 12.Qd2 Rfd8 13.h3 Qb6 14.Rad1 Qb3 15.f4 Nxe5
16.dxe5 Ne4 17.Nxe4 dxe4 18.Qc1 f5 19.Kh2 Rxd1 20.Rxd1 c3 21.bxc3 Bxa3 22.Qd2 a5
23.g4 a4 24.gxf5 Bxf5 25.Rg1 Bb2 26.Bd4 a3 27.e6 g6 28.Bxe4 Qxe6 29.Bxf5 Qxf5
30.Qe3 h6 31.Qe7 Qf7 32.Qe5 Kh7 33.f5 g5 34.f6 Re8 35.Qf5+ Kh8 36.Qb5 Re4
37.e3 Kg8 38.Rf1 Qc7+ 39.Kg2 Qf7 40.Rf5 Re6 41.Rd5 Re8 42.Rd7 Qg6 43.f7+  1-0

[Event "Fyn"]
[Site "DEN"]
[Date "1980.??.??"]
[Round "?"]
[White "Pedersen, Jens Otto"]
[Black "Bednarski, Jacek B"]
[Result "0-1"]
[WhiteElo "2200"]
[BlackElo "2385"]

1.Nf3 e6 2.c4 d5 3.d4 c6 4.Nc3 Nf6 5.Bg5 h6 6.Bh4 dxc4 7.e4 g5 8.Bg3 b5 9.Qc2 g4
10.Ne5 Qxd4 11.Be2 h5 12.h3 Bb4 13.Rd1 Qxe4 14.Qd2 Bxc3 15.bxc3 Nd5 16.Qg5 f6
17.Qg7 Qh7 18.Qg6+ Qxg6 19.Nxg6 Rg8 20.Nf4 Nxc3 21.Nxh5 Ke7 22.Rd2 Ne4 23.Rd4 Nxg3
24.Nxg3 e5 25.Rd1 gxh3 26.gxh3 Na6 27.Ne4 Nb4  0-1

[Event "FRG-chT"]
[Site "Germany"]
[Date "1980.??.??"]
[Round "?"]
[White "Fahnenschmidt, Gerhard"]
[Black "Fries Nielsen, Jens Ove"]
[Result "0-1"]
[WhiteElo "2365"]
[BlackElo "2355"]

1.c4 e6 2.Nf3 d5 3.d4 Nf6 4.Nc3 Be7 5.Bg5 h6 6.Bh4 O-O 7.e3 b6 8.cxd5 Nxd5
9.Bg3 c5 10.Bd3 cxd4 11.exd4 Ba6 12.Bxa6 Nxa6 13.O-O Nab4 14.a3 Nc6 15.Rc1 Rc8
16.Qa4 Na5 17.Nb1 Qe8 18.Qxe8 Rfxe8 19.Nbd2 b5 20.Ne5 Bg5 21.Rxc8 Rxc8 22.Ne4 Rc2
23.f4 Be7 24.Rf2 Rc1+ 25.Rf1 Rc2 26.Rf2 Rc8 27.Nd3 Nb3 28.f5 Nxd4 29.fxe6 Nxe6
30.Bd6 Rc4 31.Bxe7 Rxe4 32.Bd6 Rd4 33.Ne1 Rd1 34.Re2 Kh7 35.Bg3 Nc5 36.h3 f5
37.Kh2 Ne4 38.Bb8 a5 39.Nf3 b4 40.axb4 axb4 41.Nh4 Nd2 42.g3 Ne3 43.g4 Ndf1+
44.Kg1 Ng3+ 45.Kf2 Nxe2 46.Kxe2 Rh1 47.g5 hxg5 48.Nf3 Nc4 49.Nxg5+ Kg6 50.Ne6 Nxb2
51.Be5 Nc4  0-1

[Event "Favorite"]
[Site "Hamburg"]
[Date "1980.??.??"]
[Round "4"]
[White "Fries Nielsen, Jens Ove"]
[Black "Kordsachia, Tariel"]
[Result "1/2-1/2"]
[WhiteElo "2355"]
[BlackElo "2375"]

1.c4 e6 2.Nf3 d5 3.d4 Nf6 4.g3 c6 5.Bg2 Nbd7 6.Qc2 Qa5+ 7.Bd2 Qa6 8.b3 Be7
9.O-O O-O 10.Rc1 Re8 11.Bf1 Qb6 12.Nc3 Bb4 13.a3 Bxc3 14.Bxc3 Ne4 15.Bb2 f6
16.e3 Qd8 17.b4 Nf8 18.a4 Bd7 19.Bd3 Nd6 20.Nd2 f5 21.f3 Qg5 22.Re1 Re7 23.c5 Nf7
24.b5 h5 25.Kh1 h4 26.f4 Qf6 27.gxh4 Ng6 28.h5 Nh4 29.Rg1 Nh6 30.Be2 Ng4
31.Rg3 Qh6 32.h3 Nf6 33.Rg5 Ne4 34.Nxe4 fxe4 35.Rag1 Rf8 36.Qd1 Be8 37.Bc3 Rf5
38.Be1 Nf3 39.Bxf3 exf3 40.Qxf3 Bxh5 41.Qg3 Be8 42.b6 a6 43.Kh2 Qh7 44.Bf2 Rd7
45.Qh4 Qxh4 46.Bxh4 Kh7 47.Bf2 Rxg5 48.Rxg5 Bg6 49.Kg3 Rf7 50.a5 Kh6 51.Kh4 Rf8
52.Bg1 Bf5 53.Bh2 g6 54.Kg3 Kg7 55.Bg1 Kf6 56.Bf2 Bc2 57.Kh2 Rh8 58.Kg3 Bf5
59.h4 Bc2 60.Kf3  1/2-1/2

[Event "Hillerod"]
[Site "Hillerod"]
[Date "1980.??.??"]
[Round "2"]
[White "Poulsen, Allan"]
[Black "Jensen, Allan"]
[Result "1/2-1/2"]
[WhiteElo "2350"]
[BlackElo "2245"]

1.c4 e6 2.Nf3 d5 3.g3 Nf6 4.Bg2 c5 5.O-O Nc6 6.b3 Be7 7.Bb2 O-O 8.d3 d4 9.Re1 e5
10.e3 Re8 11.exd4 exd4 12.Na3 Bg4 13.h3 Bf5 14.Nc2 Qd7 15.Kh2 a5 16.Qd2 Bd6
17.a3 h6 18.Bf1 Bg6 19.Rxe8+ Rxe8 20.Re1 Rxe1 21.Ncxe1 Qe7 22.Bc1 Nd7 23.Qe2 Qxe2
24.Bxe2 Nb6 25.Nh4 Bh7 26.f4 a4 27.bxa4 Nxa4 28.Bf3 Na5 29.f5 b6 30.Neg2 Nb3
31.Bf4 Bxf4 32.Nxf4 Nc3 33.Nd5 Nd2 34.Nxb6 Bxf5 35.a4 Bxd3 36.Bd5 g5 37.Ng2 Nf1+
38.Kg1 Nxg3 39.Ne1 Bf5 40.a5 Nxd5 41.Nxd5 d3 42.Nxd3 Bxd3 43.a6 Bxc4 44.Ne7+ Kf8
45.a7 Kxe7 46.a8=Q Ne2+ 47.Kh2 Nf4 48.Qa7+ Kf6 49.Qxc5 Be6 50.Qd4+ Kg6 51.h4 Nd5
52.Kg3 Nf6 53.hxg5 hxg5 54.Qd3+ Bf5 55.Qd8  1/2-1/2

[Event "Mosbach Elo"]
[Site "Mosbach"]
[Date "1980.??.??"]
[Round "6"]
[White "Fahnenschmidt, Gerhard"]
[Black "Busch, Raimund"]
[Result "1/2-1/2"]
[WhiteElo "2365"]
[BlackElo "2245"]

1.c4 e6 2.Nf3 d5 3.d4 Nf6 4.g3 dxc4 5.Bg2 c5 6.O-O Nc6 7.Qa4 cxd4 8.Nxd4 Qxd4
9.Bxc6+ Bd7 10.Rd1 Qxd1+ 11.Qxd1 Bxc6  1/2-1/2

[Event "Silkeborg"]
[Site "Silkeborg"]
[Date "1980.??.??"]
[Round "6"]
[White "Karlsson, Lars"]
[Black "Fries Nielsen, Jens Ove"]
[Result "1-0"]
[WhiteElo "2405"]
[BlackElo "2355"]

1.c4 e6 2.Nf3 d5 3.g3 Nf6 4.Bg2 Be7 5.O-O O-O 6.d4 b6 7.Nc3 Bb7 8.Ne5 c6
9.Bf4 Nbd7 10.cxd5 cxd5 11.Nd3 a6 12.f3 Nh5 13.Bd2 Rc8 14.e3 Nhf6 15.f4 Ne4
16.f5 exf5 17.Rxf5 Ndf6 18.Ne5 Nd6 19.Rf2 Nfe4 20.Nxe4 Nxe4 21.Bxe4 dxe4
22.Qg4 Bd5 23.Raf1 Rc7 24.b3 f6 25.Nc4 Rc6 26.Rf4 g6 27.Qd1 Qa8 28.Qb1 Re6
29.Qe1 b5 30.Nb2 Qc6 31.Bb4 Bxb4 32.Qxb4 Rc8 33.Nd1 Kg7 34.g4 Qd6 35.Qd2 Rc6
36.Qf2 Qc7 37.g5 f5 38.Qh4 a5 39.Nf2 Rc3 40.Ng4 Qe7 41.Nf6 Rxf6 42.Qh6+ Kh8
43.gxf6 Qf7 44.Kh1 Rc6 45.R4f2 Qxf6 46.Qf4 Kg7 47.Rg1 Kf7 48.Qh6 Kg8 49.Qf4 Kf7
50.Qh6 Kg8 51.h4 b4 52.h5 Bf7 53.Qf4 Rc8 54.Qxf5 Qxf5 55.Rxf5 Rc3 56.Rxa5 Rxe3
57.hxg6 Bxg6 58.Ra7 Rh3+ 59.Kg2 Rc3 60.d5 Rd3 61.Rc1 Bf5 62.Rcc7  1-0

[Event "Smederevska Palanka"]
[Site "Smederevska Palanka"]
[Date "1980.??.??"]
[Round "?"]
[White "Stean, Michael"]
[Black "Sveshnikov, Evgeny"]
[Result "1/2-1/2"]
[WhiteElo "2530"]
[BlackElo "2570"]

1.c4 e6 2.Nf3 d5 3.g3 Nf6 4.Bg2 dxc4 5.Qa4+ Nbd7 6.Qxc4 c5 7.Qb3 Rb8 8.d3 Bd6
9.Nc3 a6 10.Ng5 b6 11.Nge4 Nxe4 12.Nxe4 Be5 13.Bg5 Qc7 14.Rc1 Bb7 15.O-O O-O
16.Nd2 Bxg2 17.Kxg2 Qc6+ 18.Nf3 h6 19.Be3 g5 20.Kg1 Bg7 21.Bd4 g4 22.Bxg7 gxf3
23.Qc3 fxe2 24.Rfe1 f6 25.Bxf8 Ne5  1/2-1/2

[Event "Rilton Cup"]
[Site "Stockholm"]
[Date "1980.??.??"]
[Round "?"]
[White "Unelius, R."]
[Black "Olsson, Ake"]
[Result "1-0"]
[WhiteElo "2200"]
[BlackElo "2370"]

1.c4 e6 2.Nf3 d5 3.g3 Nf6 4.Bg2 Be7 5.O-O O-O 6.b3 b6 7.Bb2 Bb7 8.e3 dxc4
9.bxc4 c5 10.d4 Nc6 11.Qe2 Na5 12.Rd1 cxd4 13.exd4 Qc7 14.Nbd2 Rac8 15.Rac1 Ba6
16.Bh3 Bb4 17.Ne5 Qe7 18.Ndf3 h6 19.Rc2 Rfe8 20.Bf1 Rc7 21.Qe3 Qf8 22.Bd3 Rec8
23.Rdc1 Qe8 24.g4 Bd6 25.g5 hxg5 26.Nxg5 Bxe5 27.dxe5 Ng4 28.Qe4 f5 29.exf6 Nxf6
30.Bxf6 gxf6 31.Nxe6 Qh5 32.Nxc7 Rxc7 33.Qa8+ Kg7 34.f3 Qc5+ 35.Kh1 Bc8 36.Rg2+ Kf7
37.Qe4 f5 38.Qh4 Be6 39.Re1 Nxc4 40.Qh7+  1-0

[Event "SWE-ch"]
[Site "?"]
[Date "1980.??.??"]
[Round "?"]
[White "Renman, Nils Gustaf"]
[Black "Bjork, Carl Magnus"]
[Result "1/2-1/2"]
[WhiteElo "2425"]
[BlackElo "2350"]

1.c4 e6 2.Nf3 d5 3.d4 c5 4.cxd5 exd5 5.g3 Nc6 6.Bg2 Nf6 7.Nc3 Be7 8.O-O O-O
9.Bg5 cxd4 10.Nxd4 h6 11.Be3 Re8 12.Qa4 Bd7 13.Rad1 Na5 14.Qc2 Rc8 15.Qb1 Nc4
16.Bc1 Bg4 17.h3 Bh5 18.Nf5 Nb6 19.g4 Bg6 20.e4 Bxf5 21.gxf5 Bd6 22.exd5 a6
23.Rfe1 Qd7 24.Qd3 Na4 25.Ne4 Nxe4 26.Rxe4 Nc5 27.Rxe8+ Rxe8 28.Qc2 Qe7 29.Qc3 Nd7
30.Be3 Qh4 31.Qd4 Qe7 32.Qc3 Qh4 33.Rd4 Qh5 34.Qc2 Nf6 35.Kf1 Re7 36.Rd1 Rc7
37.Qd3 Nd7 38.Bd4 Ne5 39.Bxe5 Bxe5 40.Re1 f6 41.d6 Rd7 42.Rc1 Qe8 43.Qb3+ Kh7
44.Bxb7 Rxd6 45.Rc8 Qb5+ 46.Qxb5 axb5 47.Bf3 g5 48.Rc7+ Kg8 49.Rb7 Rd2 50.Rxb5 Rxb2
51.a4 Rxb5 52.axb5 Kf8 53.Kg1  1/2-1/2

[Event "Wroclaw-A"]
[Site "Wroclaw"]
[Date "1980.??.??"]
[Round "1"]
[White "Spiridonov, Nikola"]
[Black "Bednarski, Jacek B"]
[Result "1-0"]
[WhiteElo "2470"]
[BlackElo "2385"]

1.Nf3 e6 2.c4 d5 3.g3 c6 4.b3 b5 5.Qc2 bxc4 6.bxc4 Nf6 7.d3 Na6 8.Nbd2 Qa5
9.Bg2 Nb4 10.Qb3 dxc4 11.dxc4 Be7 12.O-O Rb8 13.Bb2 O-O 14.Be5 Rb7 15.Qc3 c5
16.Ne1 Qa4 17.Bxb7 Bxb7 18.a3 Qc6 19.f3 Na6 20.Nb3 Ba8 21.Nd3 Re8 22.Nf2 Nb8
23.Qc2 Nbd7 24.Bb2 Qc7 25.a4 Nh5 26.Rfd1 Ne5 27.Nd2 f5 28.Nd3 Nc6 29.e3 e5
30.Nf2 Rf8 31.Nb1 Nb4 32.Qe2 Nf6 33.Nc3 a6 34.e4 fxe4 35.fxe4 Nc6 36.Nd5 Qb8
37.Rab1 Qa7 38.Ng4 Nd4 39.Ngxf6+ Bxf6 40.Qg4 Kh8 41.Rf1 Bxd5 42.exd5 Qc7
43.Bc3 Re8  1-0

[Event "Yerevan"]
[Site "Yerevan"]
[Date "1980.??.??"]
[Round "5"]
[White "Suba, Mihai"]
[Black "Dobosz, Henryk"]
[Result "1-0"]
[WhiteElo "2470"]
[BlackElo "2385"]

1.c4 e6 2.Nf3 d5 3.g3 c6 4.Qc2 b5 5.b3 Na6 6.Bg2 Bb7 7.O-O Nf6 8.d3 Be7 9.Bb2 O-O
10.Nbd2 Nb4 11.Qc3 a5 12.Ne5 Rc8 13.Ndf3 Qc7 14.Rfc1 bxc4 15.bxc4 Na6 16.cxd5 cxd5
17.Qxc7 Rxc7 18.Rxc7 Nxc7 19.Rb1 Na6 20.Ng5 Ba8 21.Bh3 Rb8 22.Rc1 Ne8 23.Ngxf7 Rxb2
24.Rc8 Nc7 25.Bxe6 Bf6 26.Nd6+ Kf8 27.Nxe8 Bb7 28.Nd7+ Ke7 29.Rxc7 Kxe8 30.Nc5 Ba8
31.Bf7+  1-0

[Event "Yerevan"]
[Site "Yerevan"]
[Date "1980.??.??"]
[Round "9"]
[White "Suba, Mihai"]
[Black "Petrosian, Arshak B"]
[Result "1/2-1/2"]
[WhiteElo "2470"]
[BlackElo "2435"]

1.c4 e6 2.Nf3 d5 3.g3 dxc4 4.Qa4+ Nd7 5.Qxc4 b6 6.Bg2 Bb7 7.O-O Ngf6 8.d4 c5
9.Be3 Rc8 10.Nc3 cxd4 11.Qxd4 Bc5 12.Qf4 O-O 13.Rfd1 Qe7 14.Bxc5 Rxc5 15.Nd2 Bxg2
16.Kxg2 Rfc8 17.Nde4 Rc4 18.Qd6 Qe8 19.Rd4 Nxe4 20.Nxe4 Rxd4 21.Qxd4  1/2-1/2

[Event "Baden-Baden"]
[Site "Baden-Baden"]
[Date "1981.??.??"]
[Round "?"]
[White "Kestler, Hans Guenther"]
[Black "Stajcic, Nikola"]
[Result "1-0"]
[WhiteElo "2405"]
[BlackElo "2215"]

1.c4 e6 2.Nf3 d5 3.d4 c5 4.cxd5 exd5 5.g3 Nc6 6.Bg2 Nf6 7.O-O Be7 8.Nc3 O-O
9.Bg5 Be6 10.dxc5 Bxc5 11.Rc1 Be7 12.Nd4 Nxd4 13.Qxd4 h6 14.Be3 Qd7 15.Rfd1 Rfd8
16.Qd3 Qe8 17.Nb5 Rac8 18.Rxc8 Rxc8 19.Nxa7 Ra8 20.Nb5 Rxa2 21.Bd4 Qc6 22.Nc3 Ra8
23.Bxf6 Bxf6 24.Bxd5 Qb6 25.Bxe6 Qxe6 26.Nd5 Be5 27.b4 Ra2 28.Rd2 Ra1+ 29.Kg2 h5
30.h4 g6 31.Qe4 b5 32.f4 Bg7 33.Qxe6 fxe6 34.Nc7 Bc3 35.Rd8+ Kf7 36.Rd7+ Kf6
37.e4 e5 38.Nd5+ Ke6 39.Re7+ Kd6 40.Rg7 Bd4 41.Rxg6+ Kd7 42.Rg7+ Kd6 43.Rg6+ Kd7
44.Rg5 Rg1+ 45.Kh2 Re1 46.fxe5 Ke6 47.Nc7+  1-0

[Event "Bochum"]
[Site "Bochum"]
[Date "1981.??.??"]
[Round "?"]
[White "Lobron, Eric"]
[Black "Torre, Eugenio"]
[Result "0-1"]
[WhiteElo "2405"]
[BlackElo "2550"]

1.c4 e6 2.Nf3 d5 3.g3 Nf6 4.Bg2 Nbd7 5.b3 c6 6.O-O e5 7.d3 Bd6 8.Bb2 O-O
9.e3 Re8 10.Nbd2 Nf8 11.Qc2 Bg4 12.h3 Bh5 13.e4 dxe4 14.dxe4 N6d7 15.Nh4 Ne6
16.Nf5 Bc5 17.g4 Bg6 18.Nf3 Ng5 19.Rad1 Nxf3+ 20.Bxf3 Qc7 21.Rd3 Bxf5 22.gxf5 Be7
23.Be2 Nf6 24.Rg3 Bc5 25.Kh1 Rad8 26.Bf3 Kh8 27.Rfg1 Rg8 28.R1g2 Qd6 29.Qc1 Qe7
30.Qg5 Ba3 31.Ba1 Bb4 32.Qe3 Bd2 33.Qxa7 Ra8  0-1

[Event "Politiken Cup"]
[Site "Copenhagen"]
[Date "1981.??.??"]
[Round "1"]
[White "Welin, Thomas"]
[Black "Velikov, Petar"]
[Result "0-1"]
[WhiteElo "2290"]
[BlackElo "2445"]

1.c4 e6 2.Nf3 d5 3.e3 Nf6 4.b3 c5 5.Bb2 Nc6 6.cxd5 exd5 7.Be2 Bd6 8.O-O O-O
9.d4 cxd4 10.Nxd4 Re8 11.Nd2 Bd7 12.N2f3 Rc8 13.Rc1 Bf8 14.Nxc6 bxc6 15.Ne5 Ne4
16.Bd3 f6 17.Nxd7 Qxd7 18.Bb1 f5 19.Qd3 Re6 20.f3 Nd6 21.Bd4 g6 22.Rfe1 Nb5
23.Bb2 Ba3 24.Bxa3 Nxa3 25.e4 Rce8 26.Red1 fxe4 27.fxe4 Nxb1 28.exd5 Re3
29.Qxb1 cxd5 30.Rd2 Qg4 31.Rd3 Re2 32.Rg3 Qd4+ 33.Kh1 Qf2 34.Rf1 Re1 35.Rf3 Qe2
36.Rf8+ Kg7 37.Rxe1 Qxe1+ 38.Rf1 Qxb1 39.Rxb1 Re2 40.Ra1 Kf6 41.Kg1 Ke5 42.Kf1 Rb2
43.Re1+ Kd4 44.Re7 Rxa2 45.Rxh7 Kc3 46.Rh3+ Kc2 47.Ke2 Rb2 48.Rd3 a5 49.h4 Rxb3
50.Rxd5 a4 51.Rd2+ Kb1 52.Rd1+ Ka2 53.g4 a3 54.h5 gxh5 55.gxh5 Rh3 56.Rd6 Kb2
57.h6 a2 58.Rb6+ Kc3 59.Rc6+ Kb4 60.Ra6 Rxh6  0-1

[Event "Politiken Cup"]
[Site "Copenhagen"]
[Date "1981.??.??"]
[Round "7"]
[White "Sorensen, Bent"]
[Black "Hoi, Carsten"]
[Result "0-1"]
[WhiteElo "2285"]
[BlackElo "2425"]

1.c4 e6 2.Nf3 d5 3.b3 Nf6 4.Bb2 Be7 5.g3 O-O 6.Bg2 c5 7.O-O Nc6 8.cxd5 Nxd5
9.Nc3 Bf6 10.Qc2 Ndb4 11.Qc1 Bd7 12.Ne4 Bxb2 13.Qxb2 b6 14.a3 Nd5 15.d4 cxd4
16.Nxd4 Nxd4 17.Qxd4 Bb5 18.Qb2 Rc8 19.a4 Ba6 20.Rfc1 Qe7 21.a5 Bb5 22.axb6 axb6
23.Bf3 Qb4 24.Rxc8 Rxc8 25.Rc1 Rxc1+ 26.Qxc1 h6 27.Qc8+ Kh7 28.Qc2 f5 29.Nd2 Qc3
30.Qxc3 Nxc3 31.e4 g5 32.e5 Kg6 33.Kg2 h5 34.h3 g4 35.Bb7 f4 36.hxg4 hxg4
37.gxf4 Kf5 38.f3 Kxf4 39.fxg4 Kxg4 40.Kf2 Kf4 41.Bc8 Kxe5 42.Ke3 Nd5+ 43.Kf2 Nc7
44.Ke3 Kd5 45.Bb7+ Kc5 46.Ke4 Kd6 47.Kd4 e5+ 48.Ke4 Na6 49.Kf5 Nc5 50.Ba8 Bd3+
51.Kg4 b5 52.Kf3 Bc2 53.b4 Na6 54.Ne4+ Bxe4+ 55.Kxe4 Nxb4 56.Bb7  0-1

[Event "Hradec Kralove"]
[Site "Hradec Kralove"]
[Date "1981.??.??"]
[Round "9"]
[White "Ftacnik, Lubomir"]
[Black "Lechtynsky, Jiri"]
[Result "1-0"]
[WhiteElo "2525"]
[BlackElo "2455"]

1.c4 e6 2.Nf3 d5 3.d4 Nf6 4.Bg5 Be7 5.Nc3 c6 6.e3 Nbd7 7.Qc2 O-O 8.Rd1 dxc4
9.Bxc4 Nd5 10.Bxe7 Qxe7 11.O-O Nxc3 12.bxc3 b6 13.e4 Bb7 14.Rfe1 Rac8 15.Re3 Rfd8
16.Qb3 Nf6 17.a4 c5 18.d5 exd5 19.exd5 Qd6 20.Ne5 Re8 21.f4 Re7 22.Qb2 g6
23.Qf2 Nh5 24.Ba2 Rce8 25.Nc4 Qf6 26.Rxe7 Rxe7 27.d6 Rd7 28.g3 Ba6 29.Qd2 Bxc4
30.Bxc4 Ng7 31.Bb5 Rd8 32.d7 Ne6 33.Re1 Kg7 34.Qd6 h5 35.Re5 h4 36.Bc4 hxg3
37.hxg3 Nxf4 38.Qxf6+ Kxf6 39.gxf4 Rxd7 40.Bd5 c4 41.Bxc4 Rc7 42.Re4 g5 43.fxg5+ Kxg5
44.Kf2 f5 45.Rd4 Rh7 46.Bd3 Rh2+ 47.Kg3 Ra2 48.Bb5 Rc2 49.Rc4 Ra2 50.Bd7 Ra3
51.Bb5 Ra2 52.Kf3  1-0

[Event "NLD-ch"]
[Site "Leeuwarden"]
[Date "1981.??.??"]
[Round "7"]
[White "Timman, Jan H"]
[Black "Bohm, Hans"]
[Result "1/2-1/2"]
[WhiteElo "2620"]
[BlackElo "2410"]

1.c4 e6 2.Nf3 d5 3.b3 Nf6 4.Bb2 Nbd7 5.g3 c6 6.Bg2 b5 7.d3 Qa5+ 8.Nbd2 Ba3
9.Qc1 Bxb2 10.Qxb2 bxc4 11.dxc4 c5 12.O-O O-O 13.e4 dxe4 14.Ng5 Bb7 15.Ngxe4 Bxe4
16.Nxe4 Nxe4 17.Bxe4 Rad8 18.Rfd1 Qc7 19.Qc3 Qe5 20.Qxe5 Nxe5 21.f4 Ng4 22.h3 Ne3
23.Re1 Nf5 24.Bxf5 exf5 25.Rad1 f6 26.Kf2 Kf7 27.Rxd8 Rxd8 28.Ke2 a5 29.Rd1 Re8+
30.Kf3 a4 31.Rd7+ Ke6 32.Rb7 axb3 33.axb3 h5 34.h4 Kd6 35.Kf2 Rg8 36.Rb6+ Kc7
37.Re6 Kd7 38.Re3 Ra8 39.Ke2 Ra2+ 40.Kd3 Kd6 41.Kc3 Kd7 42.Rd3+ Kc6 43.Rd2  1/2-1/2

[Event "Lone Pine op"]
[Site "Lone Pine"]
[Date "1981.??.??"]
[Round "?"]
[White "Watson, John L"]
[Black "Bradford, Joseph M"]
[Result "1/2-1/2"]
[WhiteElo "2430"]
[BlackElo "2385"]

1.c4 e6 2.Nf3 d5 3.b3 Nf6 4.g3 Be7 5.Bg2 O-O 6.O-O c5 7.Bb2 Nc6 8.e3 b6 9.Qe2 Bb7
10.Rd1 Qc7 11.Nc3 Rad8 12.Rac1 dxc4 13.bxc4 Rd7 14.Ne1 Qb8 15.f4 Rfd8 16.d3 Ne8
17.g4 Nb4 18.Bxb7 Qxb7 19.a3 Nc6 20.Nf3 Nd6 21.Rb1 Qa6 22.Kf2 Bf6 23.Qc2 Na5
24.g5 Bxc3 25.Qxc3 Ne8 26.Ne5 Rd6 27.Ba1 Nc6 28.Nxc6 Rxc6 29.h4 Qc8 30.Qe5 Qc7
31.h5 Rcd6 32.Rb3 R6d7 33.Qxc7 Nxc7 34.h6 b5 35.cxb5 c4 36.Rbb1 gxh6 37.Bf6 c3
38.Bxd8 c2 39.Bxc7 Rxc7 40.a4 hxg5 41.fxg5 cxd1=Q 42.Rxd1 Rc2+ 43.Kf3 Ra2
44.Rc1 Rxa4 45.Rc7 Ra5  1/2-1/2

[Event "POL-chT"]
[Site "Lubniewice"]
[Date "1981.??.??"]
[Round "1"]
[White "Rosiak, Andrzej"]
[Black "Erenski, Przemyslaw"]
[Result "1/2-1/2"]
[WhiteElo "2295"]
[BlackElo "2200"]

1.c4 e6 2.Nf3 d5 3.g3 Nf6 4.Bg2 Be7 5.O-O O-O 6.b3 c5 7.cxd5 Nxd5 8.Bb2 Nc6
9.Nc3 Nxc3 10.Bxc3 Bd7 11.d4 Rc8 12.Qd2 cxd4 13.Nxd4 Nxd4 14.Bxd4 Bc6 15.Bxc6 Rxc6
16.Qb2 Bf6 17.Bxf6 Qxf6 18.Qa3 a6 19.Rac1 Rxc1 20.Qxc1 h6 21.Rd1 Rd8 22.Rxd8+ Qxd8  1/2-1/2

[Event "Malaga"]
[Site "Malaga"]
[Date "1981.??.??"]
[Round "1"]
[White "Tal, Mihail"]
[Black "Vera, Reynaldo"]
[Result "1/2-1/2"]
[WhiteElo "2555"]
[BlackElo "2455"]

1.c4 e6 2.Nf3 d5 3.d4 c5 4.cxd5 exd5 5.Nc3 Nc6 6.Bg5 Be7 7.Bxe7 Ngxe7 8.e3 c4
9.Be2 Rb8 10.b3 Qa5 11.Rc1 b5 12.bxc4 bxc4 13.O-O Bf5 14.Nh4 Be6 15.f4 f5
16.Nf3 O-O 17.Qa4 Rb2 18.Qxa5 Nxa5 19.Ng5 Bd7 20.Bf3 h6 21.Nh3 Be6 22.Rb1 Rfb8
23.Nf2  1/2-1/2

[Event "Malaga"]
[Site "Malaga"]
[Date "1981.??.??"]
[Round "7"]
[White "Ivkov, Borislav"]
[Black "Fernandez Garcia, Jose L"]
[Result "1/2-1/2"]
[WhiteElo "2540"]
[BlackElo "2415"]

1.c4 e6 2.Nf3 d5 3.d4 c5 4.cxd5 exd5 5.g3 Nc6 6.Bg2 Nf6 7.O-O Be7 8.dxc5 Bxc5
9.Bg5 O-O 10.Nc3 d4 11.Bxf6 Qxf6 12.Nd5 Qd8 13.Nd2 Bg4 14.Nb3 Bb6 15.Re1 Re8
16.Qd2 h6 17.Rad1 Rc8 18.a3 Re5 19.Nxb6 Qxb6 20.Nxd4 Nxd4 21.Qxd4 Qxd4 22.Rxd4 Rxe2
23.Re4 Rxe1+ 24.Rxe1  1/2-1/2